00524nam a2200181 a 45000010010000000030011000100080041000210350026000620820016000881000021001042450026001252600037001516500018001889420012002069520089002189980020003079990015003270000-8831ELIB.Books110520 1963  a(ELIB.Books)0000-8977 a226.6 bFil aFilson, Floyd V. aThree Crucial Decades bRichmond: John Knox Press c1963 aNew Testament 2ddccBK 00102ddc4070aKBTSbKBTSd2011-05-20l0p462r2022-01-22 00:00:00w2022-01-22yBK cbate2011-05-20 c8831d8831